000 00317nam a2200133Ia 4500
005 20251222152614.0
008 251222s9999||||xx |||||||||||||| ||spa||
020 _a8439591268
082 _aREF.413.1/P66
245 0 _aDiccionario de Sinónimos y Antónimos
250 _a1ra.ed.
264 _bPlaneta
942 _cLIB
999 _c27106
_d27106